000 00282nam a22001217a 4500
040 _cSK
082 _a664
100 _aគង់ ថុង
245 _afood processing; ការកែច្នៃអាហារ
260 _aRUA
_bគង់
_c2011
300 _a490p.
942 _cEK
999 _c8655
_d8655